International Financial Statement Analysis (Record no. 11707)

MARC details
000 -LEADER
fixed length control field 00531nam a22002057a 4500
003 - CONTROL NUMBER IDENTIFIER
control field OSt
008 - FIXED-LENGTH DATA ELEMENTS--GENERAL INFORMATION
fixed length control field 230116b ||||| |||| 00| 0 eng d
020 ## - INTERNATIONAL STANDARD BOOK NUMBER
International Standard Book Number 9788126564767
082 ## - DEWEY DECIMAL CLASSIFICATION NUMBER
Classification number 657.3 ROI
100 ## - MAIN ENTRY--PERSONAL NAME
Personal name ROBINSON,Thomas R
245 ## - TITLE STATEMENT
Title International Financial Statement Analysis
250 ## - EDITION STATEMENT
Edition statement 3rd
260 ## - PUBLICATION, DISTRIBUTION, ETC. (IMPRINT)
Place of publication, distribution, etc New Delhi
Name of publisher, distributor, etc Wiley
Date of publication, distribution, etc 2017
300 ## - PHYSICAL DESCRIPTION
Extent 1033
650 ## - SUBJECT ADDED ENTRY--TOPICAL TERM
Topical term or geographic name as entry element International Financial Statement Analysis
700 ## - ADDED ENTRY--PERSONAL NAME
Personal name HENRY,Elaine
700 ## - ADDED ENTRY--PERSONAL NAME
Personal name PIRIE,Wendy L
700 ## - ADDED ENTRY--PERSONAL NAME
Personal name BROIHAHN,Michael A
942 ## - ADDED ENTRY ELEMENTS (KOHA)
Source of classification or shelving scheme Dewey Decimal Classification
Koha item type Reference Books
Holdings
Withdrawn status Lost status Source of classification or shelving scheme Damaged status Not for loan Collection code Home library Current library Date acquired Source of acquisition Currency Cost, normal purchase price Bill Number Total Checkouts Full call number Acc. no. / Barcode Date last seen Actual Cost, discounted price Bill Date Koha item type
    Dewey Decimal Classification     MBA PIET C-LIBRARY PIET C-LIBRARY 27/12/2022 International Book Centre IN Rupees 1499.00 IB/IN/923   657.3 ROI 34372 16/01/2023 1049.30 27/12/2022 Reference Books
    Dewey Decimal Classification     MBA PIET C-LIBRARY PIET C-LIBRARY 27/12/2022 International Book Centre IN Rupees 1499.00 IB/IN/923   657.3 ROI 34373 16/01/2023 1049.30 27/12/2022 Text Books

Design & Developed by: PIET Central Library
R70 Miles Stone Pattikalyana Samalkha Panipat 132102
mail ID :- [email protected], Phone No:- 0180-2569700 Ex.216